000 00407nam a2200181Ia 4500
005 20240823062828.0
008 240823s9999||||xx |||||||||||||| ||und||
041 _aENGLISH
082 _A621.381 N5 .7
100 _aEFY
245 0 _aElectronics Projects Vol 7
250 _a1st
260 _b#VALUE!
500 _aTransfered
650 _aElectronics
_bElectronics
942 _cBK
999 _c236804
_d236804